| 000 | 01593nam a2200337 c 4500 | ||
|---|---|---|---|
| 003 | BLK | ||
| 005 | 20210920145643.0 | ||
| 008 | 180408b bul|||||r ||||||| ||bul|| | ||
| 010 | _aKNG00075715000 | ||
| 020 |
_a954-8401-46-0 _bиздат.: Тракия-М |
||
| 040 | _aBLK | ||
| 041 |
_aBUL _cBUL |
||
| 080 |
_aТуризмът от стопанско гледище. Политика по отношение на туризма. Икономика и организация на туризма. Вътрешен и международен туризъм. Вж и 379.8 _b338.48 _x _z338.48 |
||
| 080 |
_aПазар. Анализ на пазара. Търсене. Предлагане. Конкуренция. Маркетингова логистика _b339.13 _x _z339.13 |
||
| 700 | 1 |
_aРибов, Манол Николов _eпод ред. на _9368498 |
|
| 139 |
_aКонкурентни стратегии в туризма _bК 81 |
||
| 245 | 1 | 0 |
_aКонкурентни стратегии в туризма _cпод ред. на Манол Николов Рибов. |
| 257 | _aBGR | ||
| 260 |
_аСофия _bТракия-М _c2005 |
||
| 300 |
_a419 с. _c26 см |
||
| 380 | _a3 | ||
| 650 | 4 |
_aТуризъм - икономика и организация _9263794 |
|
| 650 | 4 |
_aТуризъм, международен - маркетингова дейност _9262288 |
|
| 653 | _aтуризъм | ||
| 653 | _aмаркетинг | ||
| 852 | _aЦб ІІ 14617 | ||
| 856 | 4 |
_qpdf _u |
|
| 856 | 4 |
_qpdf _u |
|
| 942 |
_cKNG _n0 _01 |
||
| 944 |
_aCR _c14.06.2007 _kВаля_Йорданова |
||
| 944 |
_aED _c14.08.2009 _k |
||
| 999 |
_c71347 _d71347 |
||